¿Es la sostenibilidad turística una herramienta para enfrentar la crisis? /

El objetivo de este documento es ofrecer una perspectiva sobre la actividad de las empresas turisticas costarricenses vinculadas con el Programa del Certificado de Sostenibilidad Turistica (CST) del Instituto Costarricense de Turismo (ICT).Para ello, se ha dedicado una sección que hace énfasis en el...

Fuld beskrivelse

Guardado en:
Bibliografiske detaljer
Hovedforfatter: Chacón Rodríguez, Leonardo
Institution som forfatter: Universidad de Costa Rica
Format: Ukendt
Sprog:Spanish
Udgivet: Costa Rica : UCR. Observatorio del Desarrollo
Serier:Serie Esbozos del Desarrollo No.4
Fag:
Tags: Tilføj Tag
Ingen Tags, Vær først til at tagge denne postø!

MARC

LEADER 00000 a2200000 04500
001 45154
003
008 050704s2012 cr spa d
040
020 |a Sin ISBN  
022 |a Sin ISBN  
090 |a 1004 E99es  
100 |a Chacón Rodríguez, Leonardo  
110 |a Universidad de Costa Rica  
245 |a ¿Es la sostenibilidad turística una herramienta para enfrentar la crisis? /   |c Leonardo Chacón Rodríguez  
260 |a Costa Rica :   |b UCR. Observatorio del Desarrollo  
300 |a 39 páginas  
440 |a Serie Esbozos del Desarrollo No.4  
520 |a El objetivo de este documento es ofrecer una perspectiva sobre la actividad de las empresas turisticas costarricenses vinculadas con el Programa del Certificado de Sostenibilidad Turistica (CST) del Instituto Costarricense de Turismo (ICT).Para ello, se ha dedicado una sección que hace énfasis en el tema de la sostenibilidad turistica y las percepciones de los empresarios turisticos ligados con este programa. Además, brinda algunas apreciaciones sobre la actividad turistica costarricense durante el periodo de la crisis, ubicando la dinámica de la actividad en un periodo más amplio.Asi, con la ayuda de datos y series históricas disponibles sobre la actividad se pretende dar un panorama general sobre el programa y los principales actores involucrados, tratando de responder a preguntas como ¿cuáles fueron los efectos de la crisis en actividad turistica?, ¿Es la sostenibilidad turistica una herramienta para enfrentar la crisis?, ¿Es necesario un sistema nacional de sostenibilidad turistica para Costa Rica?Como conclusión, Chacón señala que el sector privado, las instituciones que certifican (ICT) y el sector académico deben de trabajar de manera articulada para mejorar los procesos de certificación, respetar la normativa vigente y proveer de recurso humano con competencias en el marco de CST. 
590 |a Silvia/17032015  
650 |a Calidad ambiental  
650 |a Macrotesauro de la OCDE   |a Desarrollo sostenible  
650 |a Macrotesauro de la OCDE   |a Legislación ambiental  
650 |a Macrotesauro de la OCDE   |a Política ambiental  
650 |a Macrotesauro de la OCDE  
999 |c 1454  |d 1454